Nombres folclóricos y usos de la flora de la Isla Quinchao, Chiloé
में बचाया:
| मुख्य लेखक: | |
|---|---|
| स्वरूप: | पुस्तक |
| भाषा: | स्पेनिश |
| प्रकाशित: |
Santiago, Chile
Ministerio de Educación
1984
|
| श्रृंखला: | Publicación ocasional. Museo Nacional de Historia Natural, 390716-0224
|
| विषय: | |
| टैग: |
टैग जोड़ें
कोई टैग नहीं, इस रिकॉर्ड को टैग करने वाले पहले व्यक्ति बनें!
|
MARC
| LEADER | 00000nam a2200000 a 4500 | ||
|---|---|---|---|
| 001 | UCX4730 | ||
| 003 | CL-VaPUC | ||
| 005 | 20250228123725.0 | ||
| 008 | 920722e19840000CL |||||||||||||||||spa|d | ||
| 999 | |c 225135 |d 225133 | ||
| 040 | |c Pontificia Universidad Católica de Valparaíso | ||
| 082 | 0 | 4 | |a 983.56 VIL 1984 |2 21 |
| 100 | 0 | |a Villagrán, Carolina |e author |9 321018 | |
| 245 | 1 | 0 | |a Nombres folclóricos y usos de la flora de la Isla Quinchao, Chiloé |
| 260 | |a Santiago, Chile |b Ministerio de Educación |c 1984 | ||
| 300 | |a 58 páginas | ||
| 490 | 0 | |a Publicación ocasional. Museo Nacional de Historia Natural, 390716-0224 | |
| 583 | |a last modification |c 19920722 00:00:00 |k Rodrigo Vera | ||
| 650 | 7 | |a BOTANICA |2 CL-VaPUC |9 264813 |x PLANTAS MEDICINALES |z CHILOE | |
| 650 | 7 | |a PLANTAS UTILES |2 CL-VaPUC |9 264833 |x ESPECIES VEGETALES | |
| 650 | 0 | |a Plantas |x Nombres vulgares |z CHILE |9 318273 | |
| 651 | 7 | |a ISLA DE CHILOE |2 CL-VaPUC |9 321020 |x ESPECIES VEGETALES |z CHILE | |
| 651 | 7 | |a ARCHIPIELAGO DE CHILOE |2 CL-VaPUC |9 321021 |z CHILE | |
| 852 | |a BIBCUR | ||
| 942 | |c BK |2 ddc | ||
| 945 | |d 19920722 00:00:00 | ||
| 952 | |0 0 |1 0 |2 ddc |4 0 |6 983_560000000000000_VIL_1984 |7 0 |8 A |9 222374 |a BIBHIS |b BIBHIS |d 2019-11-15 |i 2912031 |o 983.56 VIL 1984 |p 2912031 |r 2025-01-20 |t 1 |w 2019-11-15 |y BK |k HIS | ||